Guardianes "La dinastía"

Gardado en:
Detalles Bibliográficos
Autor Principal: Millett, Richard
Formato: Texto
Publicado: San José: EDUCA
Etiquetas: Engadir etiqueta
Sen Etiquetas, Sexa o primeiro en etiquetar este rexistro!

MARC

LEADER 00000 a a2200000 04500
001 24946
003
040
020 |a 84-8360-007-2  
090 |a 175900  
100 |a Millett, Richard  
245 |a Guardianes "La dinastía"  
260 |a San José:   |b EDUCA  
300 |a 344 p.  
999 |c 11026  |d 11026